Born in Montevideo - Statistics

General Stats
  • This quiz has been taken 17 times
    2 since last reset
  • The average score is 3 of 28
Answer Stats
Hint Answer % Correct
Former footballer who played for Atlético Madrid, Manchester United, Villarreal and the Uruguayan national team, winner of the Golden Ball as the best player of the 2010 World Cup 1979 Diego Forlan
100%
Footballer who plays for Real Madrid and the Uruguayan national team 1998 Federico Valverde
50%
Footballer who plays for Manchester United and the Uruguayan national team 2001 Manuel Ugarte
50%
Footballer who plays for Sporting CP and the Uruguayan national team 2000 Maximiliano Araújo
50%
Former footballer who played for Porto, Inter Milan and the Uruguayan national team 1985 Álvaro Pereira
0%
Vice President of Uruguay since 2020 and first woman elected to that position 1961 Beatriz Argimón
0%
President of Guatemala since 2024 1958 Bernardo Arévalo
0%
Actor, "Lost Embrace" "25 Watts" "Family Law" 1976 Daniel Hendler
0%
Head coach of the Uruguayan football national team since 2021 1975 Diego Alonso
0%
Basketball player and first ever Uruguayan to play in the NBA (Atlanta Hawks) 1983 Esteban Batista
0%
Footballer who plays for Panathinaikos and the Uruguayan national team 2001 Facundo Pellistri
0%
Director, "Alien: Romulus" "Evil Dead" "Don´t Breathe" 1978 Fede Álvarez
0%
President of Uruguay from 2000 to 2005 1927 Jorge Batlle
0%
He became the first Uruguayan to win an Academy Award for composing the song "Al Otro Lado del Río" from "The Motorcycle Diaries" 1964 Jorge Drexler
0%
National hero of Uruguay who is considered a Libertador of Latin America 1764 José Gervasio Artigas
0%
President of Uruguay from 2010 to 2015 and former guerilla with the Tupamaros 1935 José Mujica
0%
President of Uruguay and head of a civilian-military dictatorship from 1972 to 1976 1928 Juan María Bordaberry
0%
President of Uruguay from 1985 to 1990 and again from 1995 to 2000 1936 Julio María Sanguinetti
0%
Vice President of Uruguay from 2017 to 2020 and First Lady of Uruguay from 2010 to 2015 1944 Lucía Topolansky
0%
President of Uruguay from 1990 to 1995 1941 Luis Alberto Lacalle
0%
President of Uruguay since 2020 1973 Luis Lacalle Pou
0%
Footballer who plays for LA Galaxy and the Uruguayan national team (former Juventus, Sevilla and Fiorentina player) 1987 Martín Cáceres
0%
Footballer who plays for Napoli and the Uruguayan national team 1997 Mathías Olivera
0%
Footballer who played for Benfica, Porto and the Uruguayan national team 1984 Maxi Pereira
0%
Actress and singer, "Santa Evita" "Clandestine Childhood" "The German Doctor" 1977 Natalia Oreiro
0%
Football manager who coached the Uruguayan national team from 1988 to 1990 and again from 2006 to 2021 1947 Óscar Tabárez
0%
Footballer who plays for Wolverhampton and the Uruguayan national team 1998 Santiago Bueno
0%
President of Uruguay from 2005 to 2010 and again from 2015 to 2020 1940 Tabaré Vázquez
0%
No matching quizzes found
Score Distribution
Percent of People with Each Score
Percentile by Number Answered
Your Score History
You have not taken this quiz since the last reset